| 000 | 00562cam a22002171 4500 | ||
|---|---|---|---|
| 001 | sa 68001337 | ||
| 003 | DLC | ||
| 005 | 20260227112432.0 | ||
| 008 | 890724m19581963ii c 000 0 beno | ||
| 010 | _asa 68001337 | ||
| 035 | _a(OCoLC)20062369 | ||
| 040 |
_aDLC _cWaU _dDLC |
||
| 042 | _apremarc | ||
| 050 | 0 | 0 |
_aBL1265.B45 _bM8 |
| 100 | 1 | _aMunsī, Mohitakumāra. | |
| 245 | 1 | 0 | _aBrahmabidguru Śrīśrībhūpatinātha sannidhāne. |
| 260 | _c[1958-63] | ||
| 300 |
_a3 v. _bports. _c19 cm. |
||
| 500 | _aIn Bengali. | ||
| 600 | 0 | 0 |
_aBhūpatinātha, _d-1858. |
| 999 |
_c77873 _d77873 |
||